Enseñanzas al pueblo de Dios (Record no. 85735)

MARC details
000 -LEADER
campo de control de longitud fija 00469nam a2200157 i 4500
001 - NÚMERO DE CONTROL
campo de control 85735
003 - IDENTIFICADOR DE NÚMERO DE CONTROL
campo de control ES-MaACL
005 - FECHA Y HORA DE LA ÚLTIMA TRANSACCIÓN
campo de control 20230906175309.0
007 - CAMPO FIJO DE DESCRIPCIÓN FÍSICA--INFORMACIÓN GENERAL
campo de control de longitud fija t|
008 - DATOS DE LONGITUD FIJA--INFORMACIÓN GENERAL
campo de control de longitud fija 041201s1979 sp ||||1| spa d
100 0# - ENTRADA PRINCIPAL--NOMBRE DE PERSONA
Nombre de persona Juan Pablo
Numeración II
Títulos y otros términos asociados al nombre Papa, Santo.
9 (RLIN) 162513
245 10 - MENCIÓN DEL TÍTULO
Título Enseñanzas al pueblo de Dios
Resto del título : 1978 /
Mención de responsabilidad, etc. Juan Pablo II, Papa.
260 ## - PUBLICACIÓN, DISTRIBUCIÓN, ETC.
Lugar de publicación, distribución, etc. Madrid, etc. :
Nombre del editor, distribuidor, etc. [Edica],
Fecha de publicación, distribución, etc. 1979 (
Fabricante Fareso)
300 ## - DESCRIPCIÓN FÍSICA
Extensión XVI, 400 p. ;
Dimensiones 24 cm.
852 ## - LOCALIZACIÓN
Ubicación ES-MaACL
Número de control de estantería A-10559
Sublocalización o colección R.99736
Holdings
Estatus retirado Estado de pérdida Estado de daño No para préstamo Biblioteca de origen Biblioteca actual Ubicación en estantería Fecha de adquisición Fuente de adquisición Total de préstamos Signatura topográfica completa Código de barras Visto por última vez Precio de reemplazo Tipo de ítem Koha
        Biblioteca del Ateneo de Madrid Biblioteca del Ateneo de Madrid Depósito 1 17/01/2008     A-10559 1089585 23/02/2023 23/02/2023 Libro impreso